|
|
|
|
| LEADER |
01558cas a2200253 a 4500 |
| 001 |
AALejournalIMF006385 |
| 008 |
230101c9999 xx r poo 0 0eng d |
| 020 |
|
|
|c 5.00 USD
|
| 020 |
|
|
|z 9781451982671
|
| 022 |
|
|
|a 1018-5941
|
| 040 |
|
|
|a BD-DhAAL
|c BD-DhAAL
|
| 100 |
1 |
|
|a Demirguc-Kunt, Asli.
|
| 245 |
1 |
0 |
|a Basel Core Principles and Bank Risk :
|b Does Compliance Matter? /
|c Asli Demirguc-Kunt, Enrica Detragiache.
|
| 264 |
|
1 |
|a Washington, D.C. :
|b International Monetary Fund,
|c 2010.
|
| 300 |
|
|
|a 1 online resource (27 pages)
|
| 490 |
1 |
|
|a IMF Working Papers
|
| 500 |
|
|
|a <strong>Off-Campus Access:</strong> No User ID or Password Required
|
| 500 |
|
|
|a <strong>On-Campus Access:</strong> No User ID or Password Required
|
| 506 |
|
|
|a Electronic access restricted to authorized BRAC University faculty, staff and students
|
| 520 |
3 |
|
|a This paper studies whether compliance with the Basel Core Principles for effective banking supervision (BCPs) is associated with bank soundness. Using data for over 3,000 banks in 86countries, we find that neither the overall index of BCP compliance nor its individual components are robustly associated with bank risk measured by Z-scores. We also fail to find a relationship between BCP compliance and systemic risk measured by a system-wide Zscore.
|
| 538 |
|
|
|a Mode of access: Internet
|
| 700 |
1 |
|
|a Detragiache, Enrica.
|
| 830 |
|
0 |
|a IMF Working Papers; Working Paper ;
|v No. 2010/081
|
| 856 |
4 |
0 |
|z Full text available on IMF
|u http://elibrary.imf.org/view/journals/001/2010/081/001.2010.issue-081-en.xml
|z IMF e-Library
|